Animals of Auckland Zoo - Statistics

General Stats
  • This quiz has been taken 54 times
  • The average score is 18 of 64
Answer Stats
Answer % Correct
Elephant
88%
Lion
88%
Tiger
81%
Giraffe
78%
Rhino
69%
Kiwi
66%
Zebra
66%
Spider Monkey
59%
Squirrel Monkey
56%
Wallaby
56%
Cheetah
53%
Emu
53%
Ring Tailed Lemur
53%
Meerkat
47%
Orangutan
47%
Kaka
44%
Ostrich
41%
Flying Fox
38%
Macaw
38%
Capybara
34%
Kea
34%
Penguin
34%
Alligator
31%
Flamingo
31%
Tasmanian Devil
31%
Baboon
28%
Fur Seal
28%
Lace Monitor
25%
Morepork
25%
Otter
25%
Red Panda
25%
Tuatara
25%
Siamang
22%
Emporer Tamarin
19%
Golden Lion Tamarin
19%
Serval
19%
Antipodes Island Parakeet
16%
Blue Duck
16%
Galapagos Tortoise
16%
Green Iguana
16%
Grey Teal
16%
Leopard Tortoise
16%
Paradise Shelduck
16%
Porcupine
16%
Red-crowned Parakeet
16%
Red-tailed Black Cockatoo
16%
Tui
16%
Lovebird
9%
Nyala
9%
Tarantula
9%
Eel
6%
Pygmy Marmoset
6%
Rainbow Lorikeet
6%
Takahe
6%
Wood Pigeon
6%
Bellbird
3%
Brolga
3%
Goliath Stick Insect
3%
Agouti
0%
Cotton Top Tamarin
0%
NZ Scaup
0%
Pied Stilt
0%
Saddleback
0%
Snake-necked Turtle
0%
No matching quizzes found
Score Distribution
Percent of People with Each Score
Percentile by Number Answered
Your Score History
You have not taken this quiz